[Event "First Saturday 2010 februar IM-B"]
[Site "Budapest"]
[Date "2010.02.06"]
[Round "1.1"]
[White "Tran, Tuan Minh"]
[Black "Mozes, Ervin"]
[Result "1-0"]
[WhiteElo "2158"]
[BlackElo "2275"]
[PlyCount "20"]
[EventDate "2010.02.06"]

1. d4 d6 2. e4 c6 3. Nc3 e5 4. dxe5 dxe5 5. Qxd8+ Kxd8 6. Bc4 Ke8 7. Nf3 Bd6 8.
Be3 Nf6 9. O-O-O Bc7 10. Ng5 h6 1-0

[Event "First Saturday 2010 februar IM-B"]
[Site "Budapest"]
[Date "2010.02.06"]
[Round "1.1"]
[White "Keschitz, Gyorgy"]
[Black "Bakin, Alexander"]
[Result "0-1"]
[WhiteElo "2235"]
[BlackElo "2248"]
[PlyCount "106"]
[EventDate "2010.02.06"]

1. Nf3 Nf6 2. g3 b6 3. Bg2 Bb7 4. O-O c5 5. d3 d5 6. a4 g6 7. Na3 Bg7 8. c3 O-O
9. Re1 Nbd7 10. h3 e5 11. e4 a6 12. exd5 Nxd5 13. Nc4 Qc7 14. Qb3 Rad8 15. Bg5
f6 16. Ne3 c4 17. dxc4 Nc5 18. Qa2 Ne7 19. b4 fxg5 20. Nxg5 Bxg2 21. bxc5 Bb7
22. cxb6 Qc6 23. Kh2 Kh8 24. c5 Nd5 25. Rad1 Bh6 26. Rxd5 Bxg5 27. c4 Rxd5 28.
Nxd5 Qxc5 29. Kg1 Bxd5 30. cxd5 Qxb6 31. Rxe5 Bf6 32. Re6 Qc5 33. Rc6 Qb4 34.
Rc4 Qb6 35. Qd2 Be5 36. Kg2 Rd8 37. Qg5 Bf6 38. Qd2 Qd6 39. Rb4 Be5 40. Re4
Qxd5 41. Qe2 Bf6 42. Kh2 Kg7 43. Re6 a5 44. Qa6 Rf8 45. Rd6 Qf5 46. Rd2 Rf7 47.
Qc6 Re7 48. h4 Qe4 49. Qb5 Qb4 50. Qd5 h5 51. Ra2 Bb2 52. Qd3 Rb7 53. Kg2 Qb3
0-1

[Event "First Saturday 2010 februar IM-B"]
[Site "Budapest"]
[Date "2010.02.06"]
[Round "1.1"]
[White "Farago, Sandor"]
[Black "Parkanyi, Attila"]
[Result "1/2-1/2"]
[WhiteElo "2234"]
[BlackElo "2324"]
[PlyCount "95"]
[EventDate "2010.02.06"]

1. e4 c5 2. Nf3 d6 3. d4 cxd4 4. Nxd4 Nf6 5. Bd3 Nc6 6. Nb3 g6 7. c4 Bg7 8. Nc3
O-O 9. h3 Be6 10. Be3 Ne5 11. Nd5 Bxd5 12. cxd5 Nxd3+ 13. Qxd3 Qd7 14. O-O Rfc8
15. f4 Qa4 16. Bd4 Rc4 17. Rad1 Rac8 18. Qf3 Nd7 19. e5 Qa6 20. e6 fxe6 21. Qg4
Nf8 22. Bxg7 Kxg7 23. dxe6 Qb6+ 24. Kh1 Re4 25. Nd2 h5 26. Qg5 Rxe6 27. f5 Rc5
28. Qg3 Rf6 29. Ne4 Rfxf5 30. Nxc5 Qxc5 31. Rxf5 Qxf5 32. Qe3 Qf6 33. Rd2 b6
34. Rf2 Qe6 35. Qd4+ Kg8 36. Rc2 Qf5 37. Rc7 Ne6 38. Rc8+ Kf7 39. Qa4 Kg7 40.
Rc1 Nf4 41. Re1 Qg5 42. Qe4 e5 43. Qb7+ Kh6 44. Qa8 Qg3 45. Rf1 h4 46. Qh8+ Kg5
47. Qd8+ Kh6 48. Qh8+ 1/2-1/2

[Event "First Saturday 2010 februar IM-B"]
[Site "Budapest"]
[Date "2010.02.07"]
[Round "1.2"]
[White "Mozes, Ervin"]
[Black "Parkanyi, Attila"]
[Result "1/2-1/2"]
[WhiteElo "2275"]
[BlackElo "2324"]
[PlyCount "33"]
[EventDate "2010.02.06"]

1. e4 c5 2. g3 g6 3. Bg2 Bg7 4. Ne2 Nc6 5. c3 e5 6. d3 Nge7 7. Be3 d6 8. O-O
O-O 9. f4 b6 10. f5 f6 11. g4 Kh8 12. Ng3 d5 13. c4 dxc4 14. dxc4 Qxd1 15. Rxd1
Nd4 16. Rd2 Nec6 17. Nc3 1/2-1/2

[Event "First Saturday 2010 februar IM-B"]
[Site "Budapest"]
[Date "2010.02.07"]
[Round "1.2"]
[White "Bakin, Alexander"]
[Black "Farago, Sandor"]
[Result "0-1"]
[WhiteElo "2248"]
[BlackElo "2234"]
[PlyCount "124"]
[EventDate "2010.02.06"]

1. d4 Nf6 2. Nf3 g6 3. g3 b6 4. Bg2 Bb7 5. O-O Bg7 6. c4 e6 7. Nc3 O-O 8. Re1
Ne4 9. Qc2 f5 10. Ne5 Nc6 11. Nxc6 Bxc6 12. d5 Bxc3 13. bxc3 exd5 14. cxd5 Bxd5
15. c4 Bc6 16. Bb2 Qe7 17. Rad1 Rae8 18. Rd4 h6 19. Qc1 Kh7 20. Ba3 d6 21. Bb2
Ba8 22. Ba1 Rf7 23. Rdd1 Qg5 24. Qxg5 Nxg5 25. Bd5 Bxd5 26. cxd5 Rfe7 27. Kf1
Ne4 28. f3 Nc5 29. Bd4 Kg8 30. Kf2 Kf7 31. e3 g5 32. h3 Kg6 33. g4 Rf7 34. Rf1
Nd7 35. Kg2 Ne5 36. gxf5+ Rxf5 37. e4 Rf7 38. Bxe5 Rxe5 39. Rd3 h5 40. Rc3 Ree7
41. Re1 Kf6 42. Kg3 Ke5 43. Rc4 Rg7 44. Rc2 Ref7 45. Rf2 Rf4 46. Rh2 Rgf7 47.
Re3 a5 48. Rd3 Rf8 49. Rh1 b5 50. a3 b4 51. axb4 axb4 52. Rh2 h4+ 53. Kf2 Ra8
54. Rb3 Ra2+ 55. Kg1 Ra3 56. Rxa3 bxa3 57. Kf2 a2 58. Rh1 Rf8 59. Ra1 Ra8 60.
Ke2 Kf4 61. Kf2 Ra3 62. Kg2 Ke3 0-1

[Event "First Saturday 2010 februar IM-B"]
[Site "Budapest"]
[Date "2010.02.08"]
[Round "1.3"]
[White "Keschitz, Gyorgy"]
[Black "Mozes, Ervin"]
[Result "0-1"]
[WhiteElo "2235"]
[BlackElo "2275"]
[PlyCount "72"]
[EventDate "2010.02.06"]

1. Nf3 f5 2. g3 d6 3. Bg2 Nf6 4. d3 e5 5. c4 Be7 6. Nc3 O-O 7. Rb1 a5 8. a3 Re8
9. O-O Nbd7 10. b4 axb4 11. axb4 c6 12. b5 c5 13. Ne1 Nb6 14. Qb3 Ra7 15. Nc2
Be6 16. Ne3 Qd7 17. Ned5 Nfxd5 18. cxd5 Bf7 19. Bh3 g5 20. e4 g4 21. Bg2 Bg6
22. f3 Rea8 23. fxg4 fxg4 24. Be3 Qd8 25. h4 gxh3 26. Bxh3 Bg5 27. Rbe1 Kg7 28.
Qc2 Bxe3+ 29. Rxe3 Ra1 30. Ree1 Rxe1 31. Rxe1 Qg5 32. Kh2 Bh5 33. Qf2 Rf8 34.
Bf5 Bg4 35. Rf1 Nc8 36. Nd1 Bxd1 0-1

[Event "First Saturday 2010 februar IM-B"]
[Site "Budapest"]
[Date "2010.02.08"]
[Round "1.3"]
[White "Farago, Sandor"]
[Black "Tran, Tuan Minh"]
[Result "1-0"]
[WhiteElo "2234"]
[BlackElo "2158"]
[PlyCount "99"]
[EventDate "2010.02.06"]

1. e4 e6 2. d4 d5 3. Nc3 Bb4 4. e5 b6 5. Qg4 Bf8 6. Nf3 Qd7 7. Bd2 Ba6 8. Be2
Bxe2 9. Nxe2 Ne7 10. O-O-O a5 11. Kb1 Nbc6 12. Qf4 b5 13. Nc1 Ng6 14. Qe3 b4
15. Nd3 Qc8 16. b3 a4 17. Bc1 axb3 18. axb3 Na7 19. Bb2 Nb5 20. Kc1 Qb7 21. Kd2
Be7 22. h4 Nf8 23. Ra1 Nd7 24. h5 Rc8 25. Rhc1 c5 26. dxc5 Nxc5 27. Nxc5 Bxc5
28. Qg5 h6 29. Qxg7 Kd7 30. Qxf7+ Be7 31. Nd4 Nc7 32. Ke2 Rcf8 33. Qg6 Rhg8 34.
Qxh6 Rxg2 35. Rf1 Rf7 36. Qe3 Qb6 37. Qh3 Rg8 38. h6 Rh8 39. Rg1 Bf8 40. Rg6
Rf4 41. Rd1 Rh7 42. f3 Rff7 43. Rd3 Bc5 44. Nxe6 Nxe6 45. Rxd5+ Ke7 46. Qh4+
Kf8 47. Rxe6 Qxe6 48. Rd8+ Qe8 49. e6 Rf5 50. Bg7+ 1-0

[Event "First Saturday 2010 februar IM-B"]
[Site "Budapest"]
[Date "2010.02.08"]
[Round "1.3"]
[White "Parkanyi, Attila"]
[Black "Bakin, Alexander"]
[Result "1/2-1/2"]
[WhiteElo "2324"]
[BlackElo "2248"]
[PlyCount "65"]
[EventDate "2010.02.06"]

1. e4 c6 2. d4 d5 3. e5 Bf5 4. Nf3 e6 5. Be2 Nd7 6. O-O Ne7 7. Nh4 c5 8. c3
Bxb1 9. Rxb1 Nc6 10. Nf3 Be7 11. Bd3 cxd4 12. cxd4 Qb6 13. Bc2 O-O 14. b4 f5
15. exf6 Bxf6 16. Be3 Rac8 17. Qd3 g6 18. a3 Ne7 19. Ba4 Qd8 20. Bh6 Rf7 21. g4
Nb6 22. Bd1 Qd6 23. Re1 Nc4 24. Rc1 Re8 25. Ng5 Bxg5 26. Bxg5 Rxf2 27. Qg3
Qxg3+ 28. hxg3 Ra2 29. Rxe6 Kf7 30. Rf6+ Kg7 31. Re6 Kf7 32. Rf6+ Kg7 33. Re6
1/2-1/2

[Event "First Saturday 2010 februar IM-B"]
[Site "Budapest"]
[Date "2010.02.09"]
[Round "1.4"]
[White "Mozes, Ervin"]
[Black "Bakin, Alexander"]
[Result "0-1"]
[WhiteElo "2275"]
[BlackElo "2248"]
[PlyCount "58"]
[EventDate "2010.02.06"]

1. g3 d5 2. Bg2 c5 3. f4 Nc6 4. Nf3 Nf6 5. d3 g6 6. O-O Bg7 7. c3 O-O 8. Qc2
Qc7 9. e4 dxe4 10. dxe4 Rd8 11. a3 b6 12. Re1 Ba6 13. Qf2 Bd3 14. Nbd2 Nh5 15.
e5 f6 16. exf6 exf6 17. Nf1 Rd7 18. Be3 Rad8 19. Rad1 h6 20. Bc1 f5 21. Nh4 Kh7
22. Rxd3 Rxd3 23. Nxg6 Kxg6 24. Re6+ Kf7 25. Rxc6 Qd7 26. Bf3 Nf6 27. Rxf6+
Bxf6 28. Ne3 Qe6 29. Be2 Qe4 0-1

[Event "First Saturday 2010 februar IM-B"]
[Site "Budapest"]
[Date "2010.02.09"]
[Round "1.4"]
[White "Keschitz, Gyorgy"]
[Black "Farago, Sandor"]
[Result "1/2-1/2"]
[WhiteElo "2235"]
[BlackElo "2234"]
[PlyCount "134"]
[EventDate "2010.02.06"]

1. Nf3 Nf6 2. g3 b6 3. Bg2 Bb7 4. d3 d5 5. O-O g6 6. a4 Bg7 7. c3 Nbd7 8. a5 c5
9. Qa4 Qc8 10. b4 b5 11. Qa3 a6 12. bxc5 Nxc5 13. Be3 Ncd7 14. Rc1 e5 15. Bh3
Bf8 16. Qb2 Qc6 17. d4 e4 18. Ne5 Qc7 19. f3 Bc8 20. Bg2 Bd6 21. fxe4 Nxe5 22.
dxe5 Bxe5 23. exd5 Rb8 24. Bd4 O-O 25. c4 Qc5 26. Bxc5 Bxb2 27. Bxf8 Kxf8 28.
Nd2 Bxa1 29. Rxa1 bxc4 30. Nxc4 Rb4 31. Rc1 Bf5 32. Nd6 Ra4 33. Rf1 Ng4 34. e4
Ke7 35. exf5 Kxd6 36. fxg6 fxg6 37. h3 Ne3 38. Rf6+ Kc5 39. Rxa6 Ra1+ 40. Kf2
Nxg2 41. Kxg2 Kxd5 42. h4 Ke4 43. Ra7 Kf5 44. Rxh7 Rxa5 45. Kh3 Kf6 46. Rc7 Ra3
47. Rc4 Rb3 48. Kg4 Rb5 49. Rd4 Ra5 50. Kf3 Rb5 51. g4 Rb7 52. g5+ Kg7 53. Ke4
Re7+ 54. Kd5 Re8 55. Rc4 Rd8+ 56. Ke6 Re8+ 57. Kd6 Re1 58. Rd4 Re8 59. Kd7 Re1
60. Kd8 Re2 61. Rd7+ Kf8 62. Rd4 Kf7 63. Rf4+ Kg7 64. Rd4 Re1 65. Rd7+ Kf8 66.
Rd6 Kf7 67. Rf6+ Kg7 1/2-1/2

[Event "First Saturday 2010 februar IM-B"]
[Site "Budapest"]
[Date "2010.02.10"]
[Round "1.5"]
[White "Parkanyi, Attila"]
[Black "Keschitz, Gyorgy"]
[Result "1-0"]
[WhiteElo "2324"]
[BlackElo "2235"]
[PlyCount "61"]
[EventDate "2010.02.06"]

1. e4 c5 2. Nf3 Nc6 3. Nc3 g6 4. g3 Bg7 5. Bg2 d6 6. O-O e5 7. d3 Nge7 8. Nh4
Be6 9. f4 f6 10. f5 Bf7 11. fxg6 hxg6 12. Be3 Qd7 13. a3 O-O-O 14. b4 b6 15.
Qd2 Rh7 16. Rab1 Rdh8 17. Rf2 g5 18. Nf3 Ng6 19. Bh1 Nd4 20. Ne2 Be6 21. c3
Nxe2+ 22. Qxe2 cxb4 23. axb4 d5 24. Ra1 Rd8 25. exd5 Bxd5 26. c4 Bc6 27. b5 Ba8
28. Bxb6 e4 29. Rxa7 exf3 30. Rxa8+ Kb7 31. Rxd8 1-0

[Event "First Saturday 2010 februar IM-B"]
[Site "Budapest"]
[Date "2010.02.10"]
[Round "1.5"]
[White "Bakin, Alexander"]
[Black "Tran, Tuan Minh"]
[Result "1/2-1/2"]
[WhiteElo "2248"]
[BlackElo "2158"]
[PlyCount "73"]
[EventDate "2010.02.06"]

1. d4 Nf6 2. Nf3 e6 3. g3 c5 4. c4 cxd4 5. Nxd4 Nc6 6. Bg2 Be7 7. O-O a6 8. Nc3
O-O 9. b3 Qa5 10. Bb2 Ba3 11. Bxa3 Qxa3 12. Qd2 Rb8 13. e4 Ne8 14. Rfd1 Qa5 15.
a3 Qc7 16. Rac1 Nxd4 17. Qxd4 d6 18. b4 b6 19. b5 a5 20. Na4 e5 21. Qd3 Be6 22.
f4 f6 23. Qe3 Kh8 24. f5 Bg8 25. Bf1 Rf7 26. Nc3 Rd7 27. Nd5 Qb7 28. a4 Qa7 29.
Kf2 Rdb7 30. Bd3 Rc8 31. h4 Rc5 32. g4 Bxd5 33. exd5 Qb8 34. Be4 Qc8 35. Bd3
Re7 36. Qe4 Nc7 37. Rc2 1/2-1/2

[Event "First Saturday 2010 februar IM-B"]
[Site "Budapest"]
[Date "2010.02.11"]
[Round "2.1"]
[White "Mozes, Ervin"]
[Black "Tran, Tuan Minh"]
[Result "1/2-1/2"]
[WhiteElo "2275"]
[BlackElo "2158"]
[PlyCount "49"]
[EventDate "2010.02.06"]

1. g3 Nf6 2. Bg2 d5 3. Nf3 c6 4. O-O g6 5. b3 Bg7 6. Bb2 O-O 7. d3 a5 8. a4
Nbd7 9. Nbd2 Qc7 10. d4 b5 11. Re1 b4 12. e4 Nxe4 13. Nxe4 dxe4 14. Rxe4 e6 15.
Qc1 Bb7 16. Re1 Rac8 17. Nd2 Rfd8 18. Nc4 Ba6 19. Ne3 Nb8 20. Rd1 Qa7 21. c3
bxc3 22. Bxc3 Bxd4 23. Bxd4 Rxd4 24. Qc3 Rcd8 25. Qxa5 1/2-1/2

[Event "First Saturday 2010 februar IM-B"]
[Site "Budapest"]
[Date "2010.02.11"]
[Round "2.1"]
[White "Bakin, Alexander"]
[Black "Keschitz, Gyorgy"]
[Result "0-1"]
[WhiteElo "2248"]
[BlackElo "2235"]
[PlyCount "132"]
[EventDate "2010.02.06"]

1. e4 c5 2. Nf3 Nc6 3. Bb5 g6 4. O-O Bg7 5. Re1 Nf6 6. c3 O-O 7. d4 cxd4 8.
cxd4 a6 9. Bxc6 dxc6 10. h3 c5 11. d5 b5 12. a4 Bb7 13. Qb3 Nxe4 14. Rxe4 Bxd5
15. Qc2 Bxe4 16. Qxe4 Qd1+ 17. Qe1 Qxe1+ 18. Nxe1 Rad8 19. Kf1 b4 20. Ke2 c4
21. Nd2 c3 22. bxc3 Bxc3 23. Rb1 f5 24. Nd3 Rf6 25. Nc5 Rd5 26. Ndb3 Rc6 27.
Be3 f4 28. Bxf4 Rcxc5 29. Nxc5 Rxc5 30. Kd3 Ra5 31. Kc4 Rxa4 32. Be3 Ra5 33.
Bc5 Ra2 34. Rf1 e5 35. Bxb4 Bd4 36. Kd5 Rxf2 37. Rxf2 Bxf2 38. Kxe5 Kf7 39. Ba5
h5 40. Bb4 Bg3+ 41. Kd5 Kf6 42. Ke4 Ke6 43. Ba5 Bd6 44. g4 hxg4 45. hxg4 Be5
46. Bb6 Bc3 47. Kd3 Be1 48. Ke4 a5 49. Bd8 a4 50. Kd3 Bb4 51. Kc4 Be7 52. Bc7
Bd6 53. Bb6 Ke5 54. Be3 Ke4 55. Bc1 Kf3 56. g5 Kg4 57. Kb5 a3 58. Kc4 a2 59.
Bb2 Kf5 60. Kb3 Be5 61. Bxe5 Kxe5 62. Kxa2 Kf5 63. Kb1 Kxg5 64. Kc2 Kf4 65. Kd2
Kf3 66. Ke1 Kg2 0-1

[Event "First Saturday 2010 februar IM-B"]
[Site "Budapest"]
[Date "2010.02.11"]
[Round "2.1"]
[White "Parkanyi, Attila"]
[Black "Farago, Sandor"]
[Result "1-0"]
[WhiteElo "2324"]
[BlackElo "2234"]
[PlyCount "99"]
[EventDate "2010.02.06"]

1. e4 c5 2. Nc3 Nc6 3. g3 g6 4. Bg2 Bg7 5. d3 e6 6. Be3 d6 7. Qd2 Nge7 8. Nf3
e5 9. Bh6 O-O 10. Bxg7 Kxg7 11. Nh4 Nd4 12. O-O Rb8 13. f4 exf4 14. gxf4 f5 15.
Rae1 b5 16. Ne2 Nxe2+ 17. Rxe2 Nc6 18. Nf3 b4 19. c3 fxe4 20. Rxe4 Bf5 21. Ng5
Qd7 22. Re3 Rbe8 23. Rfe1 h6 24. Ne4 bxc3 25. bxc3 Ne7 26. Ng3 Ng8 27. Nxf5+
gxf5 28. Bd5 Kh8 29. Be6 Qg7+ 30. Kh1 Rf6 31. d4 Qb7+ 32. d5 Ne7 33. c4 Ng6 34.
Rb3 Qg7 35. Rg3 Kh7 36. Qg2 Re7 37. Rg1 Rexe6 38. dxe6 Rxe6 39. Qd5 Rf6 40. Rb3
Qg8 41. Rb7+ Kh8 42. Qxg8+ Kxg8 43. Rxa7 Kf8 44. Rb1 Ne7 45. Rb8+ Kf7 46. a4
Re6 47. a5 d5 48. cxd5 Re1+ 49. Kg2 c4 50. d6 1-0

[Event "First Saturday 2010 februar IM-B"]
[Site "Budapest"]
[Date "2010.02.12"]
[Round "2.2"]
[White "Parkanyi, Attila"]
[Black "Mozes, Ervin"]
[Result "1/2-1/2"]
[WhiteElo "2324"]
[BlackElo "2275"]
[PlyCount "44"]
[EventDate "2010.02.06"]

1. e4 e5 2. Nf3 Nf6 3. Nxe5 d6 4. Nf3 Nxe4 5. Qe2 Qe7 6. d3 Nc5 7. Qxe7+ Bxe7
8. d4 Ne4 9. Nbd2 Nxd2 10. Bxd2 Bf5 11. O-O-O O-O 12. h3 h6 13. Re1 Bf6 14. g4
Bd7 15. Bg2 Bc6 16. c3 Nd7 17. Rhg1 Rfe8 18. Rxe8+ Rxe8 19. Re1 Kf8 20. Rxe8+
Kxe8 21. Ne1 Bxg2 22. Nxg2 d5 1/2-1/2

[Event "First Saturday 2010 februar IM-B"]
[Site "Budapest"]
[Date "2010.02.12"]
[Round "2.2"]
[White "Keschitz, Gyorgy"]
[Black "Tran, Tuan Minh"]
[Result "0-1"]
[WhiteElo "2235"]
[BlackElo "2158"]
[PlyCount "106"]
[EventDate "2010.02.06"]

1. Nf3 Nf6 2. g3 b6 3. Bg2 Bb7 4. O-O e6 5. d3 d5 6. b3 Be7 7. Bb2 c5 8. Nbd2
O-O 9. a4 Nc6 10. e4 Qc7 11. e5 Nd7 12. Re1 d4 13. c3 dxc3 14. Bxc3 Rfd8 15.
Qe2 Ndb8 16. Nc4 Na6 17. Red1 Nd4 18. Bxd4 cxd4 19. Rac1 Qd7 20. h4 Rab8 21.
Qb2 Bc5 22. Ng5 Bxg2 23. Kxg2 b5 24. axb5 Rxb5 25. Ne4 Be7 26. f4 Qd5 27. Kh3
Nc5 28. Nxc5 Bxc5 29. Nd2 Rdb8 30. Rc4 f5 31. exf6 Qf5+ 32. Kg2 Qxd3 33. Qc1
gxf6 34. Re1 Qf5 35. Ne4 Bf8 36. Rxd4 Rxb3 37. Re2 R3b6 38. Ra4 Rb4 39. Qc6
Rxa4 40. Qxa4 a5 41. Qd4 Rb4 42. Qd3 a4 43. Nf2 Qxd3 44. Nxd3 Rb3 45. Nc1 Rb1
46. Na2 a3 47. Kf3 Kf7 48. Ke4 f5+ 49. Kf3 Bc5 50. Rc2 Bd4 51. Rc4 Rb3+ 52. Kg2
Rb2+ 53. Kf1 Bf6 0-1

[Event "First Saturday 2010 februar IM-B"]
[Site "Budapest"]
[Date "2010.02.13"]
[Round "2.3"]
[White "Mozes, Ervin"]
[Black "Keschitz, Gyorgy"]
[Result "1/2-1/2"]
[WhiteElo "2275"]
[BlackElo "2235"]
[PlyCount "115"]
[EventDate "2010.02.06"]

1. e4 g6 2. g3 Bg7 3. Bg2 c6 4. c4 e5 5. Nc3 d6 6. Nge2 Be6 7. d3 h5 8. h3 Qd7
9. f4 Na6 10. Be3 f6 11. b3 Ne7 12. Qd2 O-O 13. h4 Bg4 14. d4 exd4 15. Bxd4 Nc7
16. O-O Ne6 17. Bf2 Rad8 18. Bxa7 b5 19. Bf2 b4 20. Na4 f5 21. Rae1 fxe4 22.
Bxe4 d5 23. cxd5 cxd5 24. Bd3 d4 25. Kh2 Qb7 26. Rc1 Kh7 27. Rc4 Nf5 28. Ng1
Nxh4 29. gxh4 Nxf4 30. Bg3 Bh6 31. Qc2 Qe7 32. Re1 Qf6 33. Nc5 Nxd3 34. Nxd3
Be3 35. Rc7+ Rf7 36. Ne5 Rxc7 37. Qxc7+ Kg8 38. Nxg4 hxg4 39. Qe5 Qxe5 40. Bxe5
d3 41. Rd1 Kf7 42. Bg3 Ke6 43. Ne2 Kf5 44. Be1 d2 45. Bxd2 Rxd2 46. Rxd2 Bxd2
47. Nd4+ Ke4 48. Nc6 Bf4+ 49. Kg2 Bd6 50. Kf2 Kf4 51. Na5 g3+ 52. Kg2 Kg4 53.
Nc4 Bc5 54. Ne5+ Kxh4 55. Nxg6+ Kg4 56. Ne5+ Kf5 57. Nd3 Bd6 58. Nxb4 1/2-1/2

[Event "First Saturday 2010 februar IM-B"]
[Site "Budapest"]
[Date "2010.02.13"]
[Round "2.3"]
[White "Tran, Tuan Minh"]
[Black "Farago, Sandor"]
[Result "0-1"]
[WhiteElo "2158"]
[BlackElo "2234"]
[PlyCount "102"]
[EventDate "2010.02.06"]

1. d4 d5 2. c4 c6 3. Nf3 Nf6 4. Qc2 g6 5. e3 a6 6. b3 Bf5 7. Bd3 Bxd3 8. Qxd3
Bg7 9. Nbd2 O-O 10. O-O Nbd7 11. Bb2 e6 12. Rad1 b5 13. e4 Rb8 14. Ba3 Re8 15.
e5 Nh5 16. Bd6 Rc8 17. c5 Nf4 18. Qe3 Bh6 19. Kh1 Kg7 20. g3 Nh5 21. Qd3 f5 22.
exf6+ Ndxf6 23. Rg1 Ng4 24. Rdf1 Bxd2 25. Nxd2 Nhf6 26. h3 Nh6 27. g4 Nf7 28.
Bh2 Qd7 29. Re1 Rcd8 30. Re2 Ne4 31. Nb1 e5 32. f3 Neg5 33. dxe5 Nxh3 34. Rge1
d4 35. Kg2 Nhg5 36. f4 Qxg4+ 37. Qg3 Qxg3+ 38. Bxg3 Ne6 39. b4 d3 40. Re4 Nh6
41. Bh4 Rd7 42. Bf6+ Kg8 43. Nd2 Nf5 44. a3 Nfd4 45. Rf1 a5 46. Re3 Nf5 47.
Ree1 axb4 48. axb4 Ra8 49. Kf3 Ra2 50. Ne4 d2 51. Rd1 Rd3+ 0-1

[Event "First Saturday 2010 februar IM-B"]
[Site "Budapest"]
[Date "2010.02.13"]
[Round "2.3"]
[White "Bakin, Alexander"]
[Black "Parkanyi, Attila"]
[Result "0-1"]
[WhiteElo "2248"]
[BlackElo "2324"]
[PlyCount "38"]
[EventDate "2010.02.06"]

1. e4 g6 2. d4 Bg7 3. Nc3 d6 4. Nf3 a6 5. a4 b6 6. Bc4 e6 7. Bg5 Ne7 8. Qd2 h6
9. Be3 Bb7 10. Bb3 Nd7 11. O-O Nf6 12. d5 e5 13. h3 g5 14. Nh2 Ng6 15. f3 Nf4
16. Nd1 N6h5 17. Nf2 Bc8 18. Rfc1 Ng3 19. c4 Nfe2+ 0-1

[Event "First Saturday 2010 februar IM-B"]
[Site "Budapest"]
[Date "2010.02.14"]
[Round "2.4"]
[White "Bakin, Alexander"]
[Black "Mozes, Ervin"]
[Result "1/2-1/2"]
[WhiteElo "2248"]
[BlackElo "2275"]
[PlyCount "20"]
[EventDate "2010.02.06"]

1. e4 e5 2. Nf3 Nc6 3. Bb5 Nge7 4. c3 d6 5. d4 Bd7 6. Nbd2 g6 7. dxe5 dxe5 8.
h4 h6 9. Kf1 Bg7 10. h5 Bg4 1/2-1/2

[Event "First Saturday 2010 februar IM-B"]
[Site "Budapest"]
[Date "2010.02.14"]
[Round "2.4"]
[White "Parkanyi, Attila"]
[Black "Tran, Tuan Minh"]
[Result "1-0"]
[WhiteElo "2324"]
[BlackElo "2158"]
[PlyCount "67"]
[EventDate "2010.02.06"]

1. e4 e6 2. d4 d5 3. e5 c5 4. c3 Qb6 5. Nf3 Bd7 6. Be2 cxd4 7. cxd4 Bb5 8. O-O
Bxe2 9. Qxe2 Nc6 10. Be3 Nge7 11. Nc3 Ng6 12. g3 Rc8 13. h4 h5 14. Rac1 Nge7
15. Na4 Qc7 16. b4 a6 17. b5 axb5 18. Qxb5 Nf5 19. Bd2 Ba3 20. Ba5 Qe7 21. Nb6
Rc7 22. Rc3 O-O 23. Nxd5 exd5 24. Bxc7 Nfxd4 25. Nxd4 Nxd4 26. Qd3 Nc6 27. Rxa3
Qxc7 28. Qxd5 Nxe5 29. Re1 Ng4 30. Qxh5 f5 31. Qg6 Nxf2 32. Qe6+ Kh8 33. Kxf2
f4 34. Rf3 1-0

[Event "First Saturday 2010 februar IM-B"]
[Site "Budapest"]
[Date "2010.02.14"]
[Round "2.4"]
[White "Farago, Sandor"]
[Black "Keschitz, Gyorgy"]
[Result "1-0"]
[WhiteElo "2234"]
[BlackElo "2235"]
[PlyCount "95"]
[EventDate "2010.02.06"]

1. d4 g6 2. c4 Nf6 3. Nf3 Bg7 4. g3 O-O 5. Bg2 d5 6. c5 b6 7. cxb6 axb6 8. Nc3
Bb7 9. Bf4 c5 10. O-O Nbd7 11. Nb5 Bc6 12. a4 Ne8 13. e3 f6 14. g4 e5 15. Bg3
cxd4 16. exd4 e4 17. Ne1 f5 18. gxf5 gxf5 19. Bf4 Bxb5 20. axb5 Rxa1 21. Qxa1
Qh4 22. Qc1 Bxd4 23. Qd2 Bxb2 24. Qxd5+ Rf7 25. Bg3 Qe7 26. Nc2 Qc5 27. Qb3 Be5
28. Ne3 f4 29. Ng4 Kf8 30. Nxe5 Qxe5 31. Bh4 Nc5 32. Qh3 Qf5 33. Qxf5 Rxf5 34.
Bd8 Nd6 35. Rb1 Na4 36. Rb4 Nc3 37. Bf1 Nd5 38. Ra4 Ke8 39. Ra8 Kf7 40. Rb8 Nc3
41. Rxb6 Ndxb5 42. Bc4+ Kg7 43. h4 Nd4 44. h5 Nce2+ 45. Kf1 h6 46. Rg6+ Kh7 47.
Bf6 f3 48. Rg7+ 1-0

[Event "First Saturday 2010 februar IM-B"]
[Site "Budapest"]
[Date "2010.02.15"]
[Round "2.5"]
[White "Mozes, Ervin"]
[Black "Farago, Sandor"]
[Result "1/2-1/2"]
[WhiteElo "2275"]
[BlackElo "2234"]
[PlyCount "26"]
[EventDate "2010.02.06"]

1. e4 e5 2. Nf3 Nc6 3. Bc4 Bc5 4. c3 Nf6 5. d4 exd4 6. cxd4 Bb4+ 7. Bd2 Bxd2+
8. Nbxd2 d5 9. exd5 Nxd5 10. O-O O-O 11. Qb3 Nce7 12. Rad1 c6 13. Ne4 Qb6
1/2-1/2

[Event "First Saturday 2010 februar IM-B"]
[Site "Budapest"]
[Date "2010.02.15"]
[Round "2.5"]
[White "Keschitz, Gyorgy"]
[Black "Parkanyi, Attila"]
[Result "1-0"]
[WhiteElo "2235"]
[BlackElo "2324"]
[PlyCount "151"]
[EventDate "2010.02.06"]

1. Nf3 Nf6 2. g3 b5 3. Bg2 Bb7 4. O-O e6 5. d3 d5 6. Nbd2 Be7 7. e4 dxe4 8.
dxe4 Nbd7 9. Qe2 a6 10. c4 bxc4 11. Qxc4 Nb6 12. Qc2 O-O 13. Ne5 c5 14. Nec4
Nxc4 15. Nxc4 Nd7 16. Rd1 Qc7 17. Bf4 e5 18. Bd2 Bc6 19. Ba5 Qb7 20. Bc3 Qc7
21. Bh3 Bf6 22. Ba5 Qb7 23. Nd6 Qa7 24. Bd2 Rad8 25. Be3 Qa8 26. f3 g6 27. Rd3
Rb8 28. Rad1 Be7 29. b3 a5 30. Nc4 Nb6 31. Nxb6 Rxb6 32. Bxc5 Bxc5+ 33. Qxc5
Rb5 34. Qe3 a4 35. Rc3 axb3 36. axb3 Ra5 37. Bf1 Rb8 38. Rdc1 Be8 39. Bc4 Ra2
40. Bd5 Qa6 41. R3c2 Rxc2 42. Rxc2 Qa1+ 43. Rc1 Qb2 44. Qc3 Qe2 45. Re1 Qa2 46.
Ra1 Qe2 47. Rf1 Bb5 48. Rf2 Qd1+ 49. Kg2 Qd4 50. Qxd4 exd4 51. Rd2 d3 52. Kf2
Rc8 53. Ke3 Rc1 54. f4 Kf8 55. e5 Ke7 56. Bc4 Bxc4 57. bxc4 Rxc4 58. Kxd3 Rc7
59. Rc2 Rd7+ 60. Ke4 f6 61. h4 fxe5 62. fxe5 Ra7 63. Rc4 Rd7 64. Kf4 Kf7 65.
Kg5 Kg7 66. h5 h6+ 67. Kf4 Rb7 68. hxg6 Kxg6 69. Rc6+ Kg7 70. Kf5 Rf7+ 71. Rf6
Rxf6+ 72. exf6+ Kf7 73. Ke5 Kf8 74. Ke6 Ke8 75. f7+ Kf8 76. Kf6 1-0